Sandhya geeth (Record no. 148169)

MARC details
000 -LEADER
fixed length control field 00558nam a2200205Ia 4500
003 - CONTROL NUMBER IDENTIFIER
control field OSt
005 - DATE AND TIME OF LATEST TRANSACTION
control field 20260225145415.0
008 - FIXED-LENGTH DATA ELEMENTS--GENERAL INFORMATION
fixed length control field 210210b1959 xxu||||| |||| 00| 0 eng d
040 ## - CATALOGING SOURCE
Transcribing agency AL
041 ## - LANGUAGE CODE
Language code of text/sound track or separate title Hindi
082 ## - DEWEY DECIMAL CLASSIFICATION NUMBER
Classification number 861/219
100 ## - MAIN ENTRY--PERSONAL NAME
Personal name VARMA (Mahadevi)
Dates associated with a name वर्मा (महादेवी)
9 (RLIN) 256711
245 ## - TITLE STATEMENT
Title Sandhya geeth
Remainder of title संध्या गीत
260 ## - PUBLICATION, DISTRIBUTION, ETC.
Place of publication, distribution, etc. IllAhAbAd
Name of publisher, distributor, etc. Bharati Bhandar
Date of publication, distribution, etc. 1959
650 ## - SUBJECT ADDED ENTRY--TOPICAL TERM
Topical term or geographic name entry element Sandhya
9 (RLIN) 256712
650 ## - SUBJECT ADDED ENTRY--TOPICAL TERM
Topical term or geographic name entry element geeth
9 (RLIN) 256713
690 ## - LOCAL SUBJECT ADDED ENTRY--TOPICAL TERM (OCLC, RLIN)
Topical term or geographic name as entry element Hindi Poetry
9 (RLIN) 256714
906 ## - LOCAL DATA ELEMENT F, LDF (RLIN)
a 023239
942 ## - ADDED ENTRY ELEMENTS (KOHA)
Source of classification or shelving scheme Dewey Decimal Classification
Koha item type Book
Holdings
Withdrawn status Lost status Source of classification or shelving scheme Damaged status Not for loan Collection code Home library Current library Shelving location Date acquired Cost, normal purchase price Total Checkouts Full call number Barcode Date last seen Price effective from Koha item type
    Dewey Decimal Classification     Hindi St Aloysius Library St Aloysius Library   02/17/2021 0.00   861/219 023239 02/17/2021 02/17/2021 Book